| 000 | 01045nam a2200217 i 4500 | ||
|---|---|---|---|
| 001 | 187094 | ||
| 003 | ES-MaACL | ||
| 005 | 20250815115228.0 | ||
| 008 | 170412s1996 sp ah |||| | spa d | ||
| 080 | _a636.09 | ||
| 100 | 1 |
_aVives Vallés, Miguel Ángel. _9162372 |
|
| 245 | 1 | 3 |
_aLa enseñanza de la historia de la veterinaria como disciplina académica _b: discurso leído el 8 de mayo de 1996, en... la recepción pública como académico correspondiente por... D. Miguel Ángel Vives Villés ; y discurso de presentación a cargo del académico numerario... D. José Manuel Pérez y García. |
| 246 | 3 |
_iPrecede al tít. _aInstituto de España. Real Academia de Ciencias Veterinarias |
|
| 260 |
_a[S.l. : _bS.n., _c1996] ( _eCáceres : _fImp. Tomás Rodríguez) |
||
| 300 |
_a72 p. ; _c23 cm. |
||
| 650 | 7 |
_aVeterinaria _2embne _9138773 |
|
| 700 | 1 |
_aPérez García, José Manuel, _d1936- _9162373 |
|
| 710 | 2 |
_aReal Academia de Ciencias Veterinarias de Madrid. _96300 |
|
| 852 |
_aES-MaACL _jL-31416 |
||
| 999 |
_c187094 _d187094 |
||